[Event "Reykjavik op"]
[Site "Reykjavik ISL"]
[Date "2009.03.27"]
[Round "4"]
[White "Thorhallsson, Gylfi"]
[Black "Roussel-Roozmon, Thomas"]
[Result "0-1"]
[WhiteElo "2219"]
[BlackElo "2479"]
[PlyCount "94"]
[EventDate "2009.03.24"]
[EventType "swiss"]
[EventRounds "9"]
[EventCountry "ISL"]
[Source "Mark Crowther"]
[SourceDate "2009.03.30"]

1. e4 c5 2. Nf3 a6 3. d4 cxd4 4. Nxd4 Nf6 5. Nc3 e5 6. Nb3 Bb4 7. Bc4 Qc7 8.
Qe2 d6 9. O-O Bxc3 10. bxc3 Nbd7 11. Ba3 Nb6 12. Nd2 O-O 13. Rfd1 Rd8 14. Bb3
Be6 15. Nf1 Rac8 16. Rab1 Qc6 17. f3 Nc4 18. Bc1 h6 19. Ne3 b5 20. Bxc4 Bxc4
21. Nxc4 Qxc4 22. Qxc4 Rxc4 23. Rd3 Ra4 24. a3 Kf8 25. Rb4 Ke7 26. Kf2 Rc8 27.
Rxa4 bxa4 28. g4 Ke6 29. g5 hxg5 30. Bxg5 Nd7 31. Be3 g6 32. Ke2 f5 33. Bg1 Nf6
34. exf5+ gxf5 35. h4 Nd5 36. Kd2 Nf4 37. Re3 Ng2 38. Re2 Nxh4 39. Rf2 Rg8 40.
Bh2 Nxf3+ 41. Kd3 e4+ 42. Ke3 Nxh2 43. Rxh2 Ke5 44. Rh7 Rg3+ 45. Kd2 Rg2+ 46.
Kd1 e3 47. Ra7 f4 0-1

[Event "Reykjavik op"]
[Site "Reykjavik ISL"]
[Date "2009.03.28"]
[Round "5"]
[White "Roussel-Roozmon, Thomas"]
[Black "Gislason, Gudmundur"]
[Result "1-0"]
[WhiteElo "2479"]
[BlackElo "2351"]
[PlyCount "53"]
[EventDate "2009.03.24"]
[EventType "swiss"]
[EventRounds "9"]
[EventCountry "ISL"]
[Source "Mark Crowther"]
[SourceDate "2009.03.30"]

1. d4 Nf6 2. c4 g6 3. Nc3 Bg7 4. e4 d6 5. Bd3 e5 6. d5 c6 7. Nge2 Nbd7 8. O-O
h6 9. h3 O-O 10. Be3 Nh5 11. Qd2 Nc5 12. Bc2 cxd5 13. cxd5 g5 14. b4 Nd7 15. a4
Ndf6 16. Nb5 a6 17. Na3 Nf4 18. Nc4 Bxh3 19. Bxf4 Bxg2 20. Kxg2 exf4 21. f3 Nd7
22. Rac1 Qf6 23. a5 Rac8 24. Ba4 Rxc4 25. Bxd7 Rxc1 26. Rxc1 h5 27. Rh1 1-0

[Event "Reykjavik op"]
[Site "Reykjavik ISL"]
[Date "2009.03.29"]
[Round "6"]
[White "Caspi, Israel"]
[Black "Roussel-Roozmon, Thomas"]
[Result "1/2-1/2"]
[WhiteElo "2402"]
[BlackElo "2479"]
[PlyCount "175"]
[EventDate "2009.03.24"]
[EventType "swiss"]
[EventRounds "9"]
[EventCountry "ISL"]
[Source "Mark Crowther"]
[SourceDate "2009.10.06"]

1. e4 c5 2. Nf3 a6 3. c4 d6 4. d4 cxd4 5. Nxd4 Nf6 6. Nc3 e6 7. Be2 b6 8. O-O
Bb7 9. f3 Nbd7 10. Be3 Be7 11. Qd2 O-O 12. a4 Qc7 13. a5 bxa5 14. Nb3 Rab8 15.
Nxa5 Ba8 16. Rfc1 Ne5 17. Na4 Nc6 18. Nxc6 Bxc6 19. b4 Qb7 20. Rcb1 Rfd8 21.
Nb6 h6 22. Qa2 Nxe4 23. fxe4 Bxe4 24. Rf1 Bxg2 25. Rf2 Qe4 26. Qd2 Bh3 27. Bf3
Qg6+ 28. Kh1 Bh4 29. Rg1 Qf5 30. Qd4 Bf6 31. Qe4 Bg5 32. Bxg5 hxg5 33. c5 dxc5
34. Qxf5 Bxf5 35. bxc5 Rd3 36. Bg2 Rc3 37. Rff1 Bh3 38. Bxh3 Rxh3 39. Rc1 Rb3
40. Rgd1 Kh7 41. Nd7 Rc8 42. c6 f6 43. Rd6 e5 44. c7 Rb7 45. Rdc6 g4 46. Kg2 a5
47. R1c2 a4 48. Nb6 Rcxc7 49. Rxc7 Rxb6 50. Ra7 f5 51. Rxa4 g6 52. Ra5 e4 53.
Kg3 Kh6 54. Kf4 Rb3 55. Re2 Rf3+ 56. Ke5 Kg5 57. Ra8 Rb3 58. Rg2 Rb5+ 59. Kd4
Rb3 60. Rg8 Ra3 61. Rc2 Ra6 62. Rh8 Ra4+ 63. Ke5 Ra5+ 64. Kd4 Ra4+ 65. Ke3 Ra3+
66. Kf2 Ra6 67. h3 Ra3 68. hxg4 Kxg4 69. Rh2 g5 70. Rg2+ Kf4 71. Kg1 g4 72.
Rgf2+ Rf3 73. Kg2 Ke3 74. Rc3+ Kd4 75. Rc8 Ke3 76. Rfc2 Kf4 77. R8c3 g3 78. Rc8
Ke3 79. Rg8 Kf4 80. Rf8 Kg4 81. Rb2 Ra3 82. Rg8+ Kf4 83. Rb1 Ra2+ 84. Kg1 Rf2
85. Rf8 Kg4 86. Rb3 f4 87. Rg8+ Kh3 88. Rh8+ 1/2-1/2

[Event "Reykjavik op"]
[Site "Reykjavik ISL"]
[Date "2009.03.30"]
[Round "7"]
[White "Roussel-Roozmon, Thomas"]
[Black "Cohen, Or"]
[Result "1-0"]
[WhiteElo "2479"]
[BlackElo "2286"]
[PlyCount "139"]
[EventDate "2009.03.24"]
[EventType "swiss"]
[EventRounds "9"]
[EventCountry "ISL"]
[Source "Mark Crowther"]
[SourceDate "2009.10.06"]

1. Nf3 d5 2. d4 Nf6 3. c4 c6 4. Nc3 dxc4 5. a4 a5 6. Ne5 Be6 7. e4 Nbd7 8. Bxc4
Nxe5 9. Bxe6 fxe6 10. dxe5 Qxd1+ 11. Nxd1 Nxe4 12. Be3 h6 13. h4 Rd8 14. Rh3
Rd5 15. f4 Rg8 16. Nf2 Nc5 17. Rc1 b6 18. Bxc5 bxc5 19. h5 g5 20. hxg6 Rxg6 21.
g3 Rd4 22. Rxc5 Rxa4 23. Rxc6 Rb4 24. Nd3 Ra4 25. Kf2 Kf7 26. Ra6 Ra1 27. Rc6
Rd1 28. Rc3 Rg8 29. Ke2 Rg1 30. Kf2 Rd1 31. Ra3 Bg7 32. Ke2 Rg1 33. Kf2 Rd1 34.
Ke2 Rg1 35. Rxa5 Rd8 36. Ra3 Kg6 37. Kf2 Rd1 38. Ke2 Rg1 39. Rb3 Kf5 40. Kf3
Rf1+ 41. Nf2 Rd2 42. Rh2 Rb1 43. Rb7 Rdxb2 44. Rxe7 Rb3+ 45. Kg2 Rb7 46. Re8
Rb8 47. Rh5+ Kg6 48. Rh1 Rxe8 49. Rxb1 Bf8 50. Kf3 Ra8 51. Rb3 h5 52. Ne4 Be7
53. Rb7 Ra3+ 54. Kg2 Bd8 55. Rd7 Bb6 56. Rd6 Kf5 57. Rxb6 Kxe4 58. Rxe6 h4 59.
Rf6 Rxg3+ 60. Kh2 Kd5 61. Rd6+ Ke4 62. Rf6 Kd5 63. Rh6 Rg4 64. Rd6+ Kc5 65. Rf6
Kd5 66. Kh3 Rg8 67. Kxh4 Rg1 68. Kh5 Rg2 69. e6 Kd6 70. f5 1-0

[Event "Reykjavik op"]
[Site "Reykjavik ISL"]
[Date "2009.04.01"]
[Round "9"]
[White "Areshchenko, Alexander"]
[Black "Roussel-Roozmon, Thomas"]
[Result "1/2-1/2"]
[WhiteElo "2673"]
[BlackElo "2479"]
[PlyCount "95"]
[EventDate "2009.03.24"]
[EventType "swiss"]
[EventRounds "9"]
[EventCountry "ISL"]
[Source "Mark Crowther"]
[SourceDate "2009.10.06"]

1. e4 e5 2. Nf3 Nf6 3. d4 Nxe4 4. Bd3 Nc6 5. dxe5 d5 6. O-O Be7 7. Nc3 Nxc3 8.
bxc3 O-O 9. Re1 Bg4 10. h3 Bh5 11. Rb1 Rb8 12. Rb5 d4 13. e6 Bg6 14. Bxg6 fxg6
15. Nxd4 Qd6 16. Nf3 Qxd1 17. Rxd1 a6 18. Rbd5 Bd6 19. Ng5 Rbe8 20. Nf7 Rxe6
21. Nxd6 cxd6 22. Rxd6 Re2 23. Ba3 Rexf2 24. Rd7 R8f7 25. Rxb7 Rxg2+ 26. Kxg2
Rxb7 27. Rd6 Rc7 28. Kf3 Kf7 29. Ke4 g5 30. Bc5 h5 31. Rd5 Kg6 32. Bd6 Rc8 33.
Rc5 Re8+ 34. Kf3 Rc8 35. Ke4 Re8+ 36. Kd3 Ne7 37. Be5 Rd8+ 38. Ke4 Rd1 39. Bd4
Re1+ 40. Kf3 Re6 41. c4 Nf5 42. Be5 Nd6 43. Ba1 Ne4 44. Rc7 Nd2+ 45. Kf2 Ne4+
46. Kf3 Nd2+ 47. Kf2 Ne4+ 48. Kf3 1/2-1/2

[Event "Duras GM Teplarny"]
[Site "Brno CZE"]
[Date "2008.06.27"]
[Round "1"]
[White "Roussel-Roozmon, Thomas"]
[Black "Bernasek, Jan"]
[Result "1/2-1/2"]
[WhiteElo "2489"]
[BlackElo "2530"]
[PlyCount "49"]
[EventDate "2008.06.27"]
[EventType "tourn"]
[EventRounds "11"]
[EventCountry "CZE"]
[EventCategory "9"]
[Source "Mark Crowther"]
[SourceDate "2008.06.30"]

1. Nf3 d5 2. d4 Nf6 3. c4 c6 4. Nc3 a6 5. g3 dxc4 6. a4 e6 7. Bg2 Bb4 8. O-O
O-O 9. Ne5 Nd5 10. Na2 Be7 11. Nxc4 b5 12. Ne5 Bb7 13. Nc3 Nxc3 14. bxc3 Qc8
15. Qb3 Nd7 16. Nxd7 Qxd7 17. Ba3 Rfc8 18. Rfd1 Qc7 19. Bxe7 Qxe7 20. Qb4 c5
21. dxc5 Bxg2 22. Kxg2 Rxc5 23. Qe4 Rac8 24. axb5 axb5 25. Rab1 1/2-1/2

[Event "Duras GM Teplarny"]
[Site "Brno CZE"]
[Date "2008.06.28"]
[Round "2"]
[White "Bobras, Piotr"]
[Black "Roussel-Roozmon, Thomas"]
[Result "1/2-1/2"]
[WhiteElo "2576"]
[BlackElo "2489"]
[PlyCount "35"]
[EventDate "2008.06.27"]
[EventType "tourn"]
[EventRounds "11"]
[EventCountry "CZE"]
[EventCategory "9"]
[Source "Mark Crowther"]
[SourceDate "2008.06.30"]

1. e4 e5 2. Nf3 Nc6 3. Bb5 a6 4. Ba4 Nf6 5. O-O Nxe4 6. d4 b5 7. Bb3 d5 8. dxe5
Be6 9. Nbd2 Nc5 10. c3 d4 11. Bxe6 Nxe6 12. cxd4 Ncxd4 13. a4 Bb4 14. axb5 Nxb5
15. Qa4 c5 16. Ne4 O-O 17. Rd1 Qb6 18. Be3 1/2-1/2

[Event "Duras GM Teplarny"]
[Site "Brno CZE"]
[Date "2008.06.28"]
[Round "3"]
[White "Roussel-Roozmon, Thomas"]
[Black "Brener, Ilja"]
[Result "1/2-1/2"]
[WhiteElo "2489"]
[BlackElo "2423"]
[PlyCount "61"]
[EventDate "2008.06.27"]
[EventType "tourn"]
[EventRounds "11"]
[EventCountry "CZE"]
[EventCategory "9"]
[Source "Mark Crowther"]
[SourceDate "2008.06.30"]

1. d4 d5 2. c4 e6 3. Nf3 Nf6 4. g3 dxc4 5. Bg2 b5 6. a4 c6 7. O-O Bb7 8. b3
cxb3 9. Qxb3 b4 10. Ne5 a5 11. Nd2 Be7 12. Bb2 O-O 13. Rac1 Qc7 14. Rc2 Nfd7
15. Nd3 Na6 16. Rfc1 Rac8 17. Bxc6 Bxc6 18. Rxc6 Qxc6 19. Rxc6 Rxc6 20. Nc4 Bd8
21. Nde5 Nxe5 22. Nxe5 Rc8 23. Qd3 Nb8 24. d5 exd5 25. Qxd5 Bf6 26. Qxa5 Nc6
27. Nxc6 Rxc6 28. Bxf6 Rxf6 29. Qxb4 Ra6 30. f3 Rfa8 31. Kf2 1/2-1/2

[Event "Duras GM Teplarny"]
[Site "Brno CZE"]
[Date "2008.06.29"]
[Round "4"]
[White "Philippe, Christophe"]
[Black "Roussel-Roozmon, Thomas"]
[Result "1/2-1/2"]
[WhiteElo "2407"]
[BlackElo "2489"]
[PlyCount "77"]
[EventDate "2008.06.27"]
[EventType "tourn"]
[EventRounds "11"]
[EventCountry "CZE"]
[EventCategory "9"]
[Source "Mark Crowther"]
[SourceDate "2008.06.30"]

1. e4 e5 2. Nf3 Nc6 3. Bb5 a6 4. Ba4 Nf6 5. d3 d6 6. c3 Be7 7. Nbd2 O-O 8. O-O
b5 9. Bc2 d5 10. exd5 Qxd5 11. h3 Bf5 12. Qe2 Rad8 13. Ne4 h6 14. Rd1 Bh7 15.
Be3 Rfe8 16. b4 Qd7 17. a4 Nd5 18. Qe1 Qc8 19. axb5 axb5 20. Bb3 Kh8 21. Bc5 f6
22. Bxe7 Rxe7 23. Nc5 Ree8 24. Ra6 Nb8 25. Ra8 Nb6 26. Ra5 c6 27. Ra7 Nd5 28.
Rda1 Nf4 29. Bf7 Rf8 30. Qe3 Bxd3 31. Nh4 Bh7 32. Kh2 Rd6 33. Bb3 Nd7 34. Nxd7
Rxd7 35. Qc5 Rfd8 36. Ra8 Qxa8 37. Rxa8 Rxa8 38. Qxc6 Rdd8 39. Qxb5 1/2-1/2

[Event "Duras GM Teplarny"]
[Site "Brno CZE"]
[Date "2008.07.01"]
[Round "6"]
[White "Talla, Vladimir"]
[Black "Roussel-Roozmon, Thomas"]
[Result "1/2-1/2"]
[WhiteElo "2403"]
[BlackElo "2489"]
[PlyCount "79"]
[EventDate "2008.06.27"]
[EventType "tourn"]
[EventRounds "11"]
[EventCountry "CZE"]
[EventCategory "9"]
[Source "Mark Crowther"]
[SourceDate "2008.07.08"]

1. e4 e5 2. Nf3 Nc6 3. Bb5 Nf6 4. O-O Nxe4 5. Re1 Nd6 6. Nxe5 Be7 7. Bf1 Nf5 8.
c3 Nxe5 9. Rxe5 d6 10. Re1 c5 11. d4 cxd4 12. g4 Nh4 13. Bg5 Be6 14. Bxe7 Qxe7
15. f4 O-O 16. f5 Qf6 17. fxe6 fxe6 18. Nd2 dxc3 19. bxc3 Qxc3 20. Rxe6 Qxd2
21. Qxd2 Nf3+ 22. Kg2 Nxd2 23. Bd3 d5 24. Rc1 Rac8 25. Rxc8 Rxc8 26. Re7 Ne4
27. Rd7 Rc5 28. Rxb7 Ra5 29. Bxe4 dxe4 30. Rb2 Kf7 31. Kg3 g5 32. Rb4 Ra3+ 33.
Kf2 e3+ 34. Kf3 Ke6 35. Rb7 h6 36. Rh7 Ke5 37. Rxh6 Rxa2 38. Kxe3 Ra3+ 39. Kd2
Kf4 40. h4 1/2-1/2

[Event "Duras GM Teplarny"]
[Site "Brno CZE"]
[Date "2008.07.02"]
[Round "7"]
[White "Roussel-Roozmon, Thomas"]
[Black "Simacek, Pavel"]
[Result "1-0"]
[WhiteElo "2489"]
[BlackElo "2461"]
[PlyCount "147"]
[EventDate "2008.06.27"]
[EventType "tourn"]
[EventRounds "11"]
[EventCountry "CZE"]
[EventCategory "9"]
[Source "Mark Crowther"]
[SourceDate "2008.07.08"]

1. Nf3 Nf6 2. c4 c5 3. Nc3 g6 4. e4 d6 5. d4 cxd4 6. Nxd4 Bg7 7. Be2 Nc6 8. Be3
Nxd4 9. Bxd4 O-O 10. O-O Be6 11. Qd2 Nd7 12. Be3 a6 13. Rac1 Rc8 14. b3 Re8 15.
Nd5 Nc5 16. f3 Bxd5 17. cxd5 Qd7 18. Rc2 b6 19. b4 Na4 20. Bxa6 Rxc2 21. Qxc2
Ra8 22. Bc4 b5 23. Bb3 Rc8 24. Qe2 Nc3 25. Qd3 f5 26. exf5 Qxf5 27. Qxf5 gxf5
28. Re1 Bf6 29. g4 fxg4 30. fxg4 Ra8 31. g5 Be5 32. Bd2 Nxa2 33. Rxe5 dxe5 34.
d6+ e6 35. Bxe6+ Kf8 36. g6 hxg6 37. Bg5 Nxb4 38. d7 Nd3 39. d8=Q+ Rxd8 40.
Bxd8 Kg7 41. Be7 Nf4 42. Bb3 Ne2+ 43. Kf2 Nd4 44. Bd5 Nf5 45. Bg5 Nd6 46. Kf3
Ne8 47. Ke4 Nf6+ 48. Kxe5 Ng4+ 49. Kf4 Nf6 50. Be6 Nh7 51. Be7 Nf8 52. Bd5 Nh7
53. Bc6 Nf6 54. Bc5 Nh7 55. Bxb5 Kh6 56. Be7 Kg7 57. Bc4 Nf6 58. Be6 Nh7 59.
Bb3 Nf6 60. Bb4 Nh7 61. Bc3+ Kh6 62. Kg4 Nf8 63. Bd2+ Kg7 64. h4 Nh7 65. Bg5
Nf6+ 66. Kf4 Nd7 67. Ba2 Kh7 68. Ke4 Kg7 69. Kd5 Nf6+ 70. Ke6 Ne4 71. Ke5 Ng3
72. Be6 Ne2 73. Bd2 Ng1 74. Bg4 1-0

[Event "Duras GM Teplarny"]
[Site "Brno CZE"]
[Date "2008.07.03"]
[Round "8"]
[White "Vyskocil, Neklan"]
[Black "Roussel-Roozmon, Thomas"]
[Result "1/2-1/2"]
[WhiteElo "2313"]
[BlackElo "2489"]
[PlyCount "78"]
[EventDate "2008.06.27"]
[EventType "tourn"]
[EventRounds "11"]
[EventCountry "CZE"]
[EventCategory "9"]
[Source "Mark Crowther"]
[SourceDate "2008.07.08"]

1. e4 e5 2. Nf3 Nc6 3. d4 exd4 4. Nxd4 Bc5 5. Nxc6 Qf6 6. Qf3 dxc6 7. Bc4 Ne7
8. Qxf6 gxf6 9. Bf4 Bb6 10. Nc3 Ng6 11. Bg3 h5 12. h4 Be6 13. Bxe6 fxe6 14.
O-O-O Rg8 15. Rd3 Rd8 16. Rxd8+ Kxd8 17. Na4 f5 18. Nxb6 axb6 19. exf5 exf5 20.
Rd1+ Kc8 21. Rd4 c5 22. Rd5 f4 23. Bh2 Nxh4 24. Rxh5 Nxg2 25. Rh7 b5 26. Kd2 b4
27. c3 bxc3+ 28. bxc3 b6 29. Ke2 Kb7 30. Rf7 b5 31. a3 Kc6 32. c4 bxc4 33. Bxf4
Nxf4+ 34. Rxf4 Ra8 35. Rf3 Kd5 36. Kd2 Kd4 37. Rf4+ Kd5 38. Rf5+ Kd4 39. Rf4+
Kd5 1/2-1/2

[Event "Duras GM Teplarny"]
[Site "Brno CZE"]
[Date "2008.07.04"]
[Round "9"]
[White "Roussel-Roozmon, Thomas"]
[Black "Polak, Tomas"]
[Result "1/2-1/2"]
[WhiteElo "2489"]
[BlackElo "2553"]
[PlyCount "34"]
[EventDate "2008.06.27"]
[EventType "tourn"]
[EventRounds "11"]
[EventCountry "CZE"]
[EventCategory "9"]
[Source "Mark Crowther"]
[SourceDate "2008.07.08"]

1. d4 Nf6 2. c4 e6 3. Nc3 Bb4 4. Qc2 O-O 5. a3 Bxc3+ 6. Qxc3 b6 7. Bg5 Bb7 8.
e3 d6 9. Ne2 Nbd7 10. Qc2 c5 11. Rd1 Qe7 12. Nc3 cxd4 13. Rxd4 Rfd8 14. f3 Ne5
15. Be2 Ng6 16. O-O h6 17. Bxf6 Qxf6 1/2-1/2

[Event "Duras GM Teplarny"]
[Site "Brno CZE"]
[Date "2008.07.05"]
[Round "10"]
[White "Mista, Aleksander"]
[Black "Roussel-Roozmon, Thomas"]
[Result "1/2-1/2"]
[WhiteElo "2537"]
[BlackElo "2489"]
[PlyCount "66"]
[EventDate "2008.06.27"]
[EventType "tourn"]
[EventRounds "11"]
[EventCountry "CZE"]
[EventCategory "9"]
[Source "Mark Crowther"]
[SourceDate "2008.07.08"]

1. e4 e5 2. f4 d5 3. exd5 exf4 4. Nf3 Nf6 5. Bc4 Nxd5 6. O-O Be6 7. Qe2 Be7 8.
d4 O-O 9. Nc3 Nxc3 10. bxc3 Bxc4 11. Qxc4 Bd6 12. Qb5 b6 13. Ng5 Nd7 14. Bxf4
Bxf4 15. Rxf4 Nf6 16. Raf1 Qd5 17. Qxd5 Nxd5 18. R4f3 Nf6 19. Rg3 Rfc8 20. Rf5
h6 21. Ne6 Ne8 22. Nf4 Nd6 23. Re5 g6 24. Nd5 Kg7 25. Ne7 Re8 26. Kf1 Nc4 27.
Re2 Kf8 28. Nc6 Rxe2 29. Kxe2 Re8+ 30. Kd3 Nb2+ 31. Kd2 Nc4+ 32. Kd3 Nb2+ 33.
Kd2 Nc4+ 1/2-1/2

[Event "Duras GM Teplarny"]
[Site "Brno CZE"]
[Date "2008.07.06"]
[Round "11"]
[White "Roussel-Roozmon, Thomas"]
[Black "Macak, Stefan"]
[Result "1/2-1/2"]
[WhiteElo "2489"]
[BlackElo "2342"]
[PlyCount "29"]
[EventDate "2008.06.27"]
[EventType "tourn"]
[EventRounds "11"]
[EventCountry "CZE"]
[EventCategory "9"]
[Source "Mark Crowther"]
[SourceDate "2008.07.08"]

1. Nf3 Nf6 2. c4 c5 3. Nc3 b6 4. g3 Bb7 5. Bg2 e6 6. O-O Be7 7. d4 cxd4 8. Qxd4
Nc6 9. Qf4 O-O 10. Rd1 d6 11. b3 Qb8 12. Bb2 Rd8 13. Rd2 a6 14. Rad1 b5 15.
cxb5 1/2-1/2

[Event "FSGM 2008.06"]
[Site "Budapest HUN"]
[Date "2008.06.07"]
[Round "1"]
[White "Roussel-Roozmon, Thomas"]
[Black "Fogarasi, Tibor"]
[Result "1/2-1/2"]
[WhiteElo "2489"]
[BlackElo "2426"]
[PlyCount "45"]
[EventDate "2008.06.07"]
[EventType "tourn"]
[EventRounds "13"]
[EventCountry "HUN"]
[EventCategory "7"]
[Source "Mark Crowther"]
[SourceDate "2008.06.16"]

1. Nf3 Nf6 2. c4 g6 3. Nc3 d5 4. Qa4+ Bd7 5. Qb3 dxc4 6. Qxc4 a6 7. d4 b5 8.
Qb3 Be6 9. Qd1 c5 10. dxc5 Qxd1+ 11. Nxd1 Nc6 12. a3 Bg7 13. b4 Nd7 14. Bb2
Bxb2 15. Nxb2 a5 16. e3 axb4 17. Bxb5 Rxa3 18. Rxa3 bxa3 19. Bxc6 axb2 20. Kd2
O-O 21. Bxd7 Bxd7 22. Rb1 Rc8 23. Rxb2 1/2-1/2

[Event "FSGM 2008.06"]
[Site "Budapest HUN"]
[Date "2008.06.08"]
[Round "2"]
[White "Czebe, Attila"]
[Black "Roussel-Roozmon, Thomas"]
[Result "1/2-1/2"]
[WhiteElo "2513"]
[BlackElo "2489"]
[PlyCount "28"]
[EventDate "2008.06.07"]
[EventType "tourn"]
[EventRounds "13"]
[EventCountry "HUN"]
[EventCategory "7"]
[Source "Mark Crowther"]
[SourceDate "2008.06.16"]

1. d4 d5 2. Nf3 Nf6 3. c4 c6 4. Qb3 dxc4 5. Qxc4 Bf5 6. Nc3 Nbd7 7. g3 e6 8.
Bg2 Be7 9. O-O O-O 10. Re1 Ne4 11. Qb3 Qb6 12. Nd2 Nxd2 13. Qxb6 axb6 14. Bxd2
Bg6 1/2-1/2

[Event "FSGM 2008.06"]
[Site "Budapest HUN"]
[Date "2008.06.09"]
[Round "3"]
[White "Roussel-Roozmon, Thomas"]
[Black "Rajlich, Iweta"]
[Result "1/2-1/2"]
[WhiteElo "2489"]
[BlackElo "2411"]
[PlyCount "57"]
[EventDate "2008.06.07"]
[EventType "tourn"]
[EventRounds "13"]
[EventCountry "HUN"]
[EventCategory "7"]
[Source "Mark Crowther"]
[SourceDate "2008.06.16"]

1. Nf3 c5 2. c4 g6 3. e4 Bg7 4. d4 Qb6 5. dxc5 Qxc5 6. Be2 d6 7. O-O Bg4 8.
Nfd2 Bxe2 9. Qxe2 Nd7 10. Nb3 Qc6 11. f3 Nb6 12. Na3 a6 13. Be3 Na4 14. Nd4 Qc7
15. Rac1 e5 16. Ndc2 Bh6 17. b3 Nc5 18. Bxh6 Nxh6 19. Qd2 Ng8 20. Ne3 Nf6 21.
Rfd1 Rd8 22. Nb1 Ne6 23. Nc3 Rd7 24. Ncd5 Qd8 25. Nxf6+ Qxf6 26. Nd5 Qd8 27.
Qh6 f6 28. Kh1 Rf7 29. Rc2 1/2-1/2

[Event "FSGM 2008.06"]
[Site "Budapest HUN"]
[Date "2008.06.10"]
[Round "4"]
[White "Roussel-Roozmon, Thomas"]
[Black "Nguyen Huynh Minh, Huy"]
[Result "1/2-1/2"]
[WhiteElo "2489"]
[BlackElo "2482"]
[PlyCount "39"]
[EventDate "2008.06.07"]
[EventType "tourn"]
[EventRounds "13"]
[EventCountry "HUN"]
[EventCategory "7"]
[Source "Mark Crowther"]
[SourceDate "2008.06.16"]

1. d4 d5 2. c4 c6 3. Nf3 Nf6 4. e3 Bf5 5. Nc3 e6 6. Nh4 Bg6 7. Qb3 Qc7 8. Nxg6
hxg6 9. g3 Nbd7 10. Bd2 Be7 11. Bg2 dxc4 12. Qxc4 e5 13. dxe5 Nxe5 14. Qe2 Rd8
15. O-O O-O 16. Rfd1 Nd3 17. Rab1 Qe5 18. Be1 Nxe1 19. Qxe1 Qe6 20. Rxd8
1/2-1/2

[Event "FSGM 2008.06"]
[Site "Budapest HUN"]
[Date "2008.06.11"]
[Round "5"]
[White "Kobese, Watu"]
[Black "Roussel-Roozmon, Thomas"]
[Result "0-1"]
[WhiteElo "2396"]
[BlackElo "2489"]
[PlyCount "50"]
[EventDate "2008.06.07"]
[EventType "tourn"]
[EventRounds "13"]
[EventCountry "HUN"]
[EventCategory "7"]
[Source "Mark Crowther"]
[SourceDate "2008.06.16"]

1. e4 e5 2. Nf3 Nc6 3. Bb5 Nf6 4. O-O Nxe4 5. d4 Nd6 6. dxe5 Nxb5 7. a4 Nbd4 8.
Nxd4 d5 9. Nc3 Nxd4 10. Qxd4 c6 11. a5 Be7 12. f4 f6 13. b4 O-O 14. Bb2 Bf5 15.
Rf2 fxe5 16. fxe5 Be6 17. Re2 b6 18. Na4 Rb8 19. axb6 axb6 20. Bc1 Ra8 21. Ra3
Ra6 22. Qd3 Qa8 23. Nxb6 Rxa3 24. Qxa3 Qxa3 25. Bxa3 Rb8 0-1

[Event "FSGM 2008.06"]
[Site "Budapest HUN"]
[Date "2008.06.14"]
[Round "8"]
[White "Roussel-Roozmon, Thomas"]
[Black "Paschall, William"]
[Result "1/2-1/2"]
[WhiteElo "2489"]
[BlackElo "2330"]
[PlyCount "51"]
[EventDate "2008.06.07"]
[EventType "tourn"]
[EventRounds "13"]
[EventCountry "HUN"]
[EventCategory "7"]
[Source "Mark Crowther"]
[SourceDate "2008.06.16"]

1. Nf3 Nf6 2. c4 b6 3. g3 Bb7 4. Bg2 e6 5. O-O Be7 6. Nc3 O-O 7. Re1 d5 8. cxd5
exd5 9. d4 Na6 10. Bf4 c5 11. Rc1 Re8 12. dxc5 bxc5 13. Ne5 Bd6 14. Nd3 Bxf4
15. Nxf4 Nc7 16. Na4 c4 17. Nc5 Rb8 18. b3 cxb3 19. Nxb3 Ne6 20. Nd3 d4 21.
Bxb7 Rxb7 22. Ndc5 Nxc5 23. Rxc5 Rb4 24. Qd3 Ra4 25. Rc4 Rxa2 26. Rxd4 1/2-1/2

[Event "FSGM 2008.06"]
[Site "Budapest HUN"]
[Date "2008.06.15"]
[Round "9"]
[White "Sethuraman, SP."]
[Black "Roussel-Roozmon, Thomas"]
[Result "1/2-1/2"]
[WhiteElo "2425"]
[BlackElo "2489"]
[PlyCount "62"]
[EventDate "2008.06.07"]
[EventType "tourn"]
[EventRounds "13"]
[EventCountry "HUN"]
[EventCategory "7"]
[Source "Mark Crowther"]
[SourceDate "2008.06.16"]

1. e4 e5 2. Nf3 Nc6 3. Bb5 Nf6 4. d3 d6 5. O-O g6 6. d4 Bd7 7. Re1 Bg7 8. d5
Ne7 9. Bxd7+ Nxd7 10. Be3 O-O 11. c4 Kh8 12. Nfd2 Ng8 13. f3 Bh6 14. Bf2 f5 15.
Nc3 Ngf6 16. b4 a5 17. bxa5 fxe4 18. Ncxe4 Nxe4 19. Rxe4 Rxa5 20. Nb3 Ra6 21.
c5 Rf4 22. Qc2 Nf6 23. Rxf4 Bxf4 24. Rd1 Qd7 25. a4 Ra8 26. a5 Qb5 27. g3 Bh6
28. Kg2 Bf8 29. Qc3 Bg7 30. Qc2 Bf8 31. Qc3 Bg7 1/2-1/2

[Event "FSGM 2008.06"]
[Site "Budapest HUN"]
[Date "2008.06.16"]
[Round "10"]
[White "Roussel-Roozmon, Thomas"]
[Black "Bui Vinh"]
[Result "1/2-1/2"]
[WhiteElo "2489"]
[BlackElo "2448"]
[PlyCount "64"]
[EventDate "2008.06.07"]
[EventType "tourn"]
[EventRounds "13"]
[EventCountry "HUN"]
[EventCategory "7"]
[Source "Mark Crowther"]
[SourceDate "2008.06.23"]

1. Nf3 d5 2. d4 Nf6 3. c4 c6 4. Nc3 a6 5. g3 dxc4 6. a4 e6 7. Bg2 c5 8. dxc5
Qxd1+ 9. Nxd1 Bxc5 10. Be3 Bb4+ 11. Bd2 Nc6 12. Ne3 O-O 13. O-O Bxd2 14. Nxd2
Nd4 15. Rfe1 Rb8 16. Ndxc4 b5 17. axb5 axb5 18. Ne5 Bb7 19. Red1 Bxg2 20. Kxg2
Nb3 21. Ra3 Nc5 22. Ra7 h5 23. Rc1 Rb7 24. Rxb7 Nxb7 25. Rc6 Rd8 26. Rb6 Nd6
27. Nc6 Rd7 28. Rb8+ Kh7 29. Ne5 Rc7 30. Rb6 Nfe8 31. f3 g6 32. Kf2 Kg7 1/2-1/2

[Event "FSGM 2008.06"]
[Site "Budapest HUN"]
[Date "2008.06.17"]
[Round "11"]
[White "Macak, Stefan"]
[Black "Roussel-Roozmon, Thomas"]
[Result "1/2-1/2"]
[WhiteElo "2342"]
[BlackElo "2489"]
[PlyCount "66"]
[EventDate "2008.06.07"]
[EventType "tourn"]
[EventRounds "13"]
[EventCountry "HUN"]
[EventCategory "7"]
[Source "Mark Crowther"]
[SourceDate "2008.06.23"]

1. e4 e5 2. Nf3 Nc6 3. Bb5 a6 4. Ba4 Nf6 5. O-O Be7 6. Re1 b5 7. Bb3 d6 8. c3
O-O 9. h3 Na5 10. Bc2 c5 11. d4 Qc7 12. Nbd2 Nc6 13. d5 Nd8 14. a4 Rb8 15. axb5
axb5 16. b4 Bd7 17. Nf1 Ne8 18. g4 f6 19. Ng3 g6 20. Nh2 Nf7 21. Nhf1 Ng7 22.
Ne3 Ra8 23. Bd2 Qb7 24. Qe2 Rxa1 25. Rxa1 c4 26. Kg2 Bd8 27. h4 Bb6 28. h5 Ra8
29. Rxa8+ Qxa8 30. hxg6 hxg6 31. Qd1 Qa3 32. Ngf1 Qb2 33. Qb1 Qa3 1/2-1/2